00248 a2200097 4500001000700000040003500007100003600042240003400078245002900112362000900141156891 cEscola São Tomás de Aquino aGONTIJO, Solange Avelar Fonseca10aTonico, o bode diferentelpor10aTonico, o bode diferente0 a1990